[Event "C.to Italiano U12"]
[Site "Tarvisio ITA"]
[Date "2014.07.01"]
[Round "4"]
[White "Zenere, Gabriele"]
[Black "Pitzanti, Matteo"]
[WhiteElo "1673"]
[BlackElo "1890"]
[Result "0-1"]
[PlyCount "48"]
[EventDate "2014.06.29"]

1. Nf3 d5 2. c4 e6 3. d4 Nf6 4. Nc3 Be7 5. e3 c6 6. Qc2 O-O 7. Bd3 dxc4 8. Bxc4
b5 9. Bd3 Bb7 10. O-O Nbd7 11. e4 b4 12. Na4 h6 13. Rd1 Rc8 14. Be3 Qa5 15. b3
c5 16. dxc5 Nxc5 17. Bxc5 Bxc5 18. Qe2 Be7 19. Nb2 Qh5 20. Nc4 Bc5 21. h3 Nh7
22. Rac1 Ng5 23. Nce5 Nxf3+ 24. Qxf3 Qxe5 0-1

[Event "C.to Italiano U12"]
[Site "Tarvisio ITA"]
[Date "2014.07.02"]
[Round "5"]
[White "Di Benedetto, Edoardo"]
[Black "Ciocca, Lorenzo"]
[WhiteElo "2024"]
[BlackElo "1560"]
[Result "1-0"]
[PlyCount "53"]
[EventDate "2014.06.29"]

1. e4 c5 2. Nf3 Nc6 3. Bb5 d6 4. Bxc6+ bxc6 5. O-O e5 6. Re1 Nf6 7. c3 Bg4 8.
h3 Bh5 9. d4 cxd4 10. cxd4 exd4 11. Qxd4 Be7 12. e5 dxe5 13. Qxd8+ Rxd8 14.
Nxe5 Rd6 15. Nc3 Nd5 16. Nxc6 Rxc6 17. Nxd5 Re6 18. Nc7+ Kd7 19. Nxe6 fxe6 20.
g4 Bg6 21. Bf4 Rc8 22. Rad1+ Ke8 23. Rxe6 Bf7 24. Re2 Kf8 25. Rd7 Re8 26. Rdxe7
Rxe7 27. Bd6 1-0

[Event "C.to Italiano U12"]
[Site "Tarvisio ITA"]
[Date "2014.07.02"]
[Round "5"]
[White "Loiacono, Leonardo"]
[Black "Sonis, Francesco"]
[WhiteElo "1664"]
[BlackElo "2023"]
[Result "0-1"]
[PlyCount "84"]
[EventDate "2014.06.29"]

1. e4 c5 2. Nf3 d6 3. d4 cxd4 4. Qxd4 a6 5. c4 Nc6 6. Qd2 g6 7. Nc3 Nf6 8. Bd3
Bg7 9. O-O O-O 10. b3 Bg4 11. Ne1 Qa5 12. f3 Bd7 13. Bb2 Rab8 14. Rd1 b5 15.
cxb5 axb5 16. Bxb5 Rxb5 17. Nxb5 Qxb5 18. Nd3 Ra8 19. Bc3 Qa6 20. e5 Qa7+ 21.
Kh1 Nd5 22. Rfe1 Nxc3 23. Qxc3 dxe5 24. Nc5 Be8 25. Ne4 Nd4 26. h3 Bc6 27. Rxd4
exd4 28. Qxc6 Qxa2 29. Rd1 Rb8 30. Nd2 d3 31. Qc7 Ra8 32. Qc6 Rb8 33. Qc7 Rf8
34. Nf1 Qxb3 35. Qc1 Rd8 36. Nd2 Qc2 37. Nf1 Ra8 38. Qxc2 dxc2 39. Rc1 Ra1 40.
Rxc2 Rxf1+ 41. Kh2 Be5+ 42. g3 Rxf3 0-1

[Event "C.to Italiano U12"]
[Site "Tarvisio ITA"]
[Date "2014.07.02"]
[Round "5"]
[White "Pitzanti, Matteo"]
[Black "Orfini, Nicolo'"]
[WhiteElo "1890"]
[BlackElo "1662"]
[Result "1-0"]
[PlyCount "51"]
[EventDate "2014.06.29"]

1. e4 d6 2. d4 Nf6 3. Bd3 Nbd7 4. Ne2 e5 5. c3 c6 6. O-O g6 7. h3 Bg7 8. Be3
O-O 9. f4 Qe7 10. Nd2 Nh5 11. Qc2 Nb6 12. Rae1 Bh6 13. b4 f5 14. dxe5 Rf7 15.
exd6 Qxd6 16. e5 Qe7 17. Bc5 Qe8 18. Bxb6 axb6 19. Nc4 Qd8 20. Nd6 Re7 21. Bc4+
Kg7 22. Rd1 Qc7 23. Bb3 c5 24. Nb5 Qc6 25. Rd8 c4 26. Ned4 1-0

[Event "C.to Italiano U12"]
[Site "Tarvisio ITA"]
[Date "2014.07.02"]
[Round "6"]
[White "Lavorgna, Filippo"]
[Black "Russo, Leonardo"]
[WhiteElo "1732"]
[BlackElo "1742"]
[Result "1-0"]
[PlyCount "52"]
[EventDate "2014.06.29"]

1. Nf3 e6 2. c4 d5 3. g3 Nf6 4. Bg2 Be7 5. O-O O-O 6. d4 c6 7. Nbd2 Nbd7 8. b3
b6 9. Qc2 Bb7 10. e4 dxe4 11. Nxe4 Nxe4 12. Qxe4 Nf6 13. Qe3 c5 14. Bb2 Qc7 15.
Rfe1 Rac8 16. d5 Ng4 17. Qe2 e5 18. Nxe5 Nxe5 19. Bxe5 Bd6 20. Bxd6 Qxd6 21.
Qe7 Qxe7 22. Rxe7 Rb8 23. Rae1 Rfd8 24. Rc7 Rdc8 25. d6 Bxg2 26. Rxc8+ Rxc8 1-0

[Event "C.to Italiano U12"]
[Site "Tarvisio ITA"]
[Date "2014.07.02"]
[Round "6"]
[White "Sangiorgi, Raphael"]
[Black "Di Benedetto, Edoardo"]
[WhiteElo "1797"]
[BlackElo "2024"]
[Result "0-1"]
[PlyCount "48"]
[EventDate "2014.06.29"]

1. e4 e6 2. d4 d5 3. Nc3 Nf6 4. Bg5 Be7 5. e5 Nfd7 6. h4 a6 7. Qg4 Bxg5 8. hxg5
c5 9. g6 f5 10. Qf4 h6 11. Nf3 O-O 12. O-O-O Nc6 13. dxc5 Nxc5 14. g4 Ne4 15.
Rh2 fxg4 16. Qxg4 Nxc3 17. bxc3 Qa5 18. Kb2 Qc7 19. Qh5 Rf5 20. Qh3 Nxe5 21.
Nd4 Rf6 22. Be2 Nxg6 23. Qg2 Nf4 24. Qg3 e5 0-1

[Event "C.to Italiano U12"]
[Site "Tarvisio ITA"]
[Date "2014.07.02"]
[Round "6"]
[White "Sonis, Francesco"]
[Black "Pitzanti, Matteo"]
[WhiteElo "2023"]
[BlackElo "1890"]
[Result "1/2-1/2"]
[PlyCount "42"]
[EventDate "2014.06.29"]

1. e4 c6 2. Nf3 d5 3. Nc3 dxe4 4. Nxe4 Bf5 5. Ng3 Bg6 6. h4 h6 7. d4 Nd7 8. Bd3
Bxd3 9. Qxd3 Ngf6 10. Bd2 Qc7 11. O-O e6 12. Ne4 Be7 13. Rfe1 O-O 14. Nxf6+
Nxf6 15. c3 Rad8 16. Ne5 Bd6 17. Qg3 Kh8 18. Qf3 Qe7 19. b4 Bxe5 20. Rxe5 Rd5
21. Rae1 Rfd8 1/2-1/2

[Event "C.to Italiano U12"]
[Site "Tarvisio ITA"]
[Date "2014.07.03"]
[Round "7"]
[White "Di Benedetto, Edoardo"]
[Black "Sonis, Francesco"]
[WhiteElo "2024"]
[BlackElo "2023"]
[Result "1-0"]
[PlyCount "153"]
[EventDate "2014.06.29"]

1. e4 c5 2. Nf3 d6 3. d4 cxd4 4. Qxd4 Nc6 5. Bb5 Bd7 6. Bxc6 Bxc6 7. Nc3 Nf6 8.
Bg5 e6 9. Qd3 Be7 10. Nd4 Qa5 11. Bd2 Qb6 12. O-O-O O-O-O 13. Be3 Qa5 14. Nb3
Qa6 15. Qxa6 bxa6 16. f3 Kb8 17. Rhe1 Rd7 18. h3 Rc8 19. Bf4 Nh5 20. Bh2 Bg5+
21. Kb1 Bf4 22. Bxf4 Nxf4 23. Rd2 Bb7 24. Red1 d5 25. h4 Rdc7 26. g3 Ng6 27.
exd5 exd5 28. f4 Ne7 29. Nd4 Rc4 30. Re1 R8c7 31. Nce2 Bc8 32. c3 Bg4 33. Nc1
Nf5 34. Ncb3 Nd6 35. Re5 Ne4 36. Rg2 Rd7 37. Nd2 Nxd2+ 38. Rxd2 f6 39. Re1 Rc8
40. Rd3 Bh3 41. Kc1 Bg2 42. Nc2 a5 43. Rd2 Bf3 44. Nd4 Be4 45. Re3 Rb7 46. Kd1
a4 47. a3 Ka8 48. Kc1 h5 49. Nc2 Rc4 50. Rd4 Bxc2 51. Rxc4 dxc4 52. Kxc2 Rd7
53. Re4 Rd3 54. Re8+ Kb7 55. Re7+ Kc6 56. Rxg7 Rf3 57. Rxa7 Rxg3 58. Rxa4 Rg2+
59. Kb1 Kd5 60. Ra5+ Ke4 61. Rxh5 Kxf4 62. Rc5 f5 63. h5 Rh2 64. Rxc4+ Ke3 65.
Rc5 Rxh5 66. Ka2 Ke4 67. a4 Rh8 68. Rc7 Rf8 69. Re7+ Kd5 70. b4 f4 71. Kb3 f3
72. Re1 f2 73. Rf1 Ke4 74. a5 Kd3 75. a6 Ke2 76. Rxf2+ Kxf2 77. b5 1-0

[Event "C.to Italiano U12"]
[Site "Tarvisio ITA"]
[Date "2014.07.03"]
[Round "7"]
[White "Nordio, Giorgio"]
[Black "Di Biccari, Alessandro"]
[WhiteElo "1729"]
[BlackElo "1617"]
[Result "1/2-1/2"]
[PlyCount "65"]
[EventDate "2014.06.29"]

1. c4 c5 2. g3 g6 3. Bg2 Bg7 4. Nf3 Nc6 5. O-O e5 6. Nc3 Nge7 7. d3 O-O 8. Rb1
d6 9. a3 a5 10. Bd2 h6 11. Nb5 Be6 12. b4 axb4 13. axb4 cxb4 14. Bxb4 Nxb4 15.
Rxb4 d5 16. Nd2 Nc6 17. Rb1 dxc4 18. Nxc4 Bxc4 19. dxc4 Qxd1 20. Rfxd1 Rfd8 21.
Nd6 Nd4 22. Nxb7 Nxe2+ 23. Kf1 Rxd1+ 24. Rxd1 Nd4 25. Nd6 Rd8 26. Nb5 Rc8 27.
Nxd4 exd4 28. Bd5 Kf8 29. Ke2 Ke7 30. Rb1 Rc7 31. Kd3 Ra7 32. Re1+ Kd6 33. Ke4
1/2-1/2

[Event "C.to Italiano U12"]
[Site "Tarvisio ITA"]
[Date "2014.07.03"]
[Round "7"]
[White "Pitzanti, Matteo"]
[Black "Lavorgna, Filippo"]
[WhiteElo "1890"]
[BlackElo "1732"]
[Result "1-0"]
[PlyCount "41"]
[EventDate "2014.06.29"]

1. d4 Nf6 2. Nf3 e6 3. e3 d5 4. Bd3 c5 5. b3 cxd4 6. exd4 Nc6 7. a3 h6 8. O-O
Bd6 9. Bb2 O-O 10. Nbd2 Re8 11. Re1 Qc7 12. c4 e5 13. cxd5 Nxd5 14. Nc4 Bg4 15.
dxe5 Bxf3 16. Qxf3 Bxe5 17. Qxd5 Rad8 18. Qf3 Bxb2 19. Nxb2 Ne5 20. Qg3 Qc3 21.
Bh7+ 1-0

[Event "C.to Italiano U12"]
[Site "Tarvisio ITA"]
[Date "2014.07.04"]
[Round "8"]
[White "Lavorgna, Filippo"]
[Black "Nordio, Giorgio"]
[WhiteElo "1732"]
[BlackElo "1729"]
[Result "1-0"]
[PlyCount "85"]
[EventDate "2014.06.29"]

1. d4 c6 2. Nf3 d5 3. Bf4 Nf6 4. c3 Bf5 5. Nbd2 e6 6. e3 Nbd7 7. Qb3 Qb6 8. h3
h6 9. Be2 Be7 10. O-O O-O 11. Ne5 Nxe5 12. Bxe5 Nd7 13. Bg3 c5 14. Qxb6 axb6
15. Bb5 Rfd8 16. a4 f6 17. Nf3 c4 18. Nh4 Bh7 19. Bc7 Rdc8 20. Bxd7 Rxc7 21.
Bxe6+ Kf8 22. Bxd5 Bc2 23. e4 Rxa4 24. Rxa4 Bxa4 25. Ng6+ Ke8 26. Nf4 Bd7 27.
Ra1 Bd6 28. Ng6 Bc8 29. f4 b5 30. e5 fxe5 31. fxe5 Be7 32. Rf1 b6 33. Nxe7 Rxe7
34. Bc6+ Bd7 35. Bxd7+ Kxd7 36. Rf8 Kc6 37. Kf2 Kd5 38. Ke3 Kc6 39. Ke4 Rd7 40.
d5+ Rxd5 41. Rc8+ Kd7 42. Kxd5 Kxc8 43. Ke4 1-0

[Event "C.to Italiano U12"]
[Site "Tarvisio ITA"]
[Date "2014.07.04"]
[Round "8"]
[White "Pitzanti, Matteo"]
[Black "Di Benedetto, Edoardo"]
[WhiteElo "1890"]
[BlackElo "2024"]
[Result "1-0"]
[PlyCount "45"]
[EventDate "2014.06.29"]

1. d4 d5 2. Nf3 Nf6 3. e3 c5 4. c4 cxd4 5. exd4 dxc4 6. Bxc4 e6 7. Nc3 Be7 8.
O-O O-O 9. h3 Nbd7 10. Re1 Nb6 11. Bb3 Nbd5 12. Bg5 Nxc3 13. bxc3 b6 14. Qd3 h6
15. Bh4 Bb7 16. Bc2 g6 17. Ne5 g5 18. Ng4 Kg7 19. Nxf6 Kxf6 20. Rxe6+ Kxe6 21.
Qf5+ Kd6 22. Bg3+ Kc6 23. Be4+ 1-0

[Event "C.to Italiano U12"]
[Site "Tarvisio ITA"]
[Date "2014.07.04"]
[Round "8"]
[White "Sonis, Francesco"]
[Black "Auletta, Pasquale"]
[WhiteElo "2023"]
[BlackElo "1532"]
[Result "1-0"]
[PlyCount "47"]
[EventDate "2014.06.29"]

1. d4 Nf6 2. c4 e6 3. Nf3 b6 4. e3 Bb7 5. Nc3 Bb4 6. Bd3 O-O 7. O-O Bxc3 8.
bxc3 Ne4 9. Qc2 f5 10. Nd2 Nf6 11. Ba3 d6 12. e4 fxe4 13. Nxe4 c5 14. Ng5 Ng4
15. Bxh7+ Kh8 16. Bg8 Nf6 17. Bxe6 Qe7 18. Qd3 Be4 19. Qh3+ Bh7 20. Rae1 Qc7
21. Nxh7 Nxh7 22. Bf5 g5 23. Be4 Nc6 24. Bxc6 1-0

[Event "C.to Italiano U12"]
[Site "Tarvisio ITA"]
[Date "2014.07.05"]
[Round "9"]
[White "Di Benedetto, Edoardo"]
[Black "Loiacono, Antonio"]
[WhiteElo "2024"]
[BlackElo "1753"]
[Result "1/2-1/2"]
[PlyCount "91"]
[EventDate "2014.06.29"]

1. e4 c5 2. Nf3 e6 3. g3 Nc6 4. Bg2 d6 5. O-O Nf6 6. Qe2 Be7 7. c3 Qc7 8. d4 b6
9. e5 dxe5 10. Nxe5 Bb7 11. Bf4 Nxe5 12. Bxe5 Qd7 13. dxc5 Bxg2 14. Kxg2 Qc6+
15. Qf3 Qxf3+ 16. Kxf3 Bxc5 17. Bxf6 gxf6 18. Nd2 f5 19. Rad1 e5 20. Nc4 f6 21.
Nd6+ Bxd6 22. Rxd6 Kf7 23. Rd7+ Kg6 24. Rfd1 h5 25. R1d6 Rhc8 26. Re7 Re8 27.
Rdd7 Rxe7 28. Rxe7 b5 29. Rb7 a6 30. Rb6 Kf7 31. Ke2 Ke7 32. Rb7+ Ke6 33. Rh7
a5 34. Rxh5 b4 35. cxb4 axb4 36. Rh4 e4 37. f3 Rxa2 38. fxe4 Rxb2+ 39. Kd3
fxe4+ 40. Rxe4+ Kf5 41. Rh4 b3 42. Kc3 Rb1 43. Rf4+ Kg6 44. Rf2 Kg5 45. h4+ Kg6
46. g4 1/2-1/2

[Event "C.to Italiano U12"]
[Site "Tarvisio ITA"]
[Date "2014.07.05"]
[Round "9"]
[White "Lavorgna, Filippo"]
[Black "Sonis, Francesco"]
[WhiteElo "1732"]
[BlackElo "2023"]
[Result "0-1"]
[PlyCount "42"]
[EventDate "2014.06.29"]

1. c4 e5 2. Nc3 Nc6 3. g3 g6 4. Nf3 Bg7 5. Bg2 Nge7 6. O-O O-O 7. d3 d6 8. Rb1
f5 9. Bd2 a5 10. a3 h6 11. b4 axb4 12. axb4 Be6 13. b5 Nb8 14. Ra1 Nd7 15. Qb3
Nc5 16. Qb4 Qd7 17. Rfb1 g5 18. Be3 Rxa1 19. Rxa1 e4 20. dxe4 Nxe4 21. Bd2 g4
0-1

[Event "C.to Italiano U12 femminile"]
[Site "Tarvisio ITA"]
[Date "2014.06.29"]
[Round "1"]
[White "Palma, Maria"]
[Black "Rossi, Sofia"]
[WhiteElo "1716"]
[BlackElo "1398"]
[Result "1-0"]
[PlyCount "115"]
[EventDate "2014.06.29"]

1. d4 d5 2. c4 Nf6 3. cxd5 Nxd5 4. e4 Nf6 5. Nc3 e6 6. a3 c5 7. Be3 cxd4 8.
Bxd4 Nc6 9. Bb5 a6 10. Bxc6+ bxc6 11. Nf3 c5 12. Be3 Qxd1+ 13. Rxd1 Bb7 14. Nd2
h6 15. f3 Be7 16. Nb3 Rc8 17. Na4 Nd7 18. Rc1 Ne5 19. O-O c4 20. Na5 Ba8 21.
Nb6 Rb8 22. Nxa8 Rxa8 23. Nxc4 Nxc4 24. Rxc4 O-O 25. Rfc1 Bf6 26. Bd4 Bg5 27.
R1c2 Rfd8 28. Kf2 f5 29. Be5 Rd2+ 30. Rxd2 Bxd2 31. Rc7 g5 32. Rg7+ Kf8 33. Rh7
Re8 34. Rxh6 g4 35. Rh8+ Kf7 36. Rxe8 Kxe8 37. exf5 exf5 38. fxg4 fxg4 39. Kg3
Kd7 40. Kxg4 Kc6 41. h4 Kd5 42. Bf4 Ba5 43. h5 Bd8 44. Bg5 Bxg5 45. Kxg5 Ke6
46. Kg6 Ke7 47. Kg7 a5 48. h6 a4 49. h7 Ke6 50. h8=Q Kd5 51. Qe8 Kd4 52. Qxa4+
Kd3 53. Kf6 Kd2 54. Qc4 Ke3 55. Ke5 Kd2 56. Ke4 Kd1 57. Ke3 Ke1 58. Qe2# 1-0

[Event "C.to Italiano U12 femminile"]
[Site "Tarvisio ITA"]
[Date "2014.06.30"]
[Round "3"]
[White "Palma, Maria"]
[Black "Caneri, Alice"]
[WhiteElo "1716"]
[BlackElo "1461"]
[Result "1-0"]
[PlyCount "67"]
[EventDate "2014.06.29"]

1. d4 d5 2. c4 c6 3. cxd5 cxd5 4. Bf4 Nc6 5. Nc3 Nf6 6. e3 Bf5 7. Rc1 e6 8. Nf3
Be7 9. Bb5 O-O 10. O-O a6 11. Bxc6 bxc6 12. Na4 Rc8 13. Ne5 Qe8 14. Nb6 Rb8 15.
Rxc6 Bd8 16. Na4 a5 17. Qc1 Bc7 18. b3 Bxe5 19. Bxe5 Rc8 20. Rc7 Ng4 21. Bd6
Rxc7 22. Qxc7 Qd8 23. Rc1 Qxc7 24. Rxc7 Re8 25. Rc5 Bb1 26. Nc3 Bd3 27. Rxa5 h6
28. Ra7 Rc8 29. Rc7 Ra8 30. Rb7 Kh7 31. Rxf7 Bc2 32. h3 Nf6 33. Be5 Ne8 34. Re7
1-0

[Event "C.to Italiano U12 femminile"]
[Site "Tarvisio ITA"]
[Date "2014.07.01"]
[Round "4"]
[White "Scagliarini, Lara"]
[Black "Palma, Maria"]
[WhiteElo "1321"]
[BlackElo "1716"]
[Result "0-1"]
[PlyCount "138"]
[EventDate "2014.06.29"]

1. d4 d5 2. Nf3 Nf6 3. Bf4 c5 4. c3 e6 5. e3 Nc6 6. Be2 Be7 7. Ne5 Nxe5 8. Bxe5
c4 9. O-O O-O 10. Nd2 b5 11. b3 Nd7 12. Nf3 Nxe5 13. Nxe5 Qc7 14. a4 f6 15. Nf3
Bd7 16. axb5 Bxb5 17. bxc4 Bxc4 18. Bxc4 Qxc4 19. Qc2 Rfc8 20. Rfc1 Bb4 21. Qa4
Bxc3 22. Qxc4 Rxc4 23. Ra2 a5 24. h3 Rac8 25. Rcc2 Bb4 26. Rcb2 Rc1+ 27. Kh2
R1c3 28. Nd2 Ra3 29. Nb3 Rxa2 30. Rxa2 Ra8 31. Kg1 Kf7 32. Kf1 Ke7 33. Ke2 Kd6
34. Rc2 a4 35. Na1 Ra7 36. Kd1 Rc7 37. Rxc7 Kxc7 38. Kc1 Kb6 39. Kb2 Kb5 40.
Nc2 Kc4 41. g4 Bc3+ 42. Kc1 Kb3 43. Kd1 a3 44. h4 a2 45. h5 a1=Q+ 46. Nxa1+
Bxa1 47. Ke2 Kc2 48. Kf3 Kd3 49. Kf4 Bc3 50. h6 g6 51. Kf3 e5 52. dxe5 fxe5 53.
g5 Be1 54. Kg2 Ke4 55. Kf1 Bb4 56. Ke2 Be7 57. f3+ Kf5 58. Kd3 Bxg5 59. e4+ Ke6
60. Ke2 d4 61. Kd3 Bxh6 62. f4 Bxf4 63. Ke2 h5 64. Kf3 d3 65. Kg2 d2 66. Kf2
d1=Q 67. Kg2 Qe2+ 68. Kg1 h4 69. Kh1 Qh2# 0-1

[Event "C.to Italiano U12 femminile"]
[Site "Tarvisio ITA"]
[Date "2014.07.02"]
[Round "5"]
[White "Palma, Maria"]
[Black "Rinaudo, Giada"]
[WhiteElo "1716"]
[BlackElo "1539"]
[Result "1/2-1/2"]
[PlyCount "46"]
[EventDate "2014.06.29"]

1. d4 Nf6 2. c4 g6 3. Nc3 Bg7 4. Nf3 d6 5. e4 O-O 6. Be2 Nbd7 7. O-O e5 8. dxe5
dxe5 9. Bg5 Re8 10. Qc2 h6 11. Bh4 g5 12. Bg3 c6 13. b4 Nh7 14. b5 h5 15. h3
Ndf8 16. Rfd1 Qe7 17. Rd2 Ng6 18. Rad1 g4 19. hxg4 hxg4 20. Nh2 Nf6 21. Qd3 Bf8
22. Qe3 Kh7 23. Qd3 Kg8 1/2-1/2

[Event "C.to Italiano U12 femminile"]
[Site "Tarvisio ITA"]
[Date "2014.07.02"]
[Round "6"]
[White "Santeramo, Claudia"]
[Black "Palma, Maria"]
[WhiteElo "1304"]
[BlackElo "1716"]
[Result "0-1"]
[PlyCount "72"]
[EventDate "2014.06.29"]

1. e4 e5 2. Nc3 Nf6 3. Bc4 Nc6 4. Nf3 Nxe4 5. Nxe4 d5 6. Bxd5 Qxd5 7. d3 Bg4 8.
Be3 Bb4+ 9. c3 Be7 10. c4 Qd7 11. Qb3 b6 12. Ned2 Rd8 13. Ke2 Nb4 14. h3 Bxf3+
15. Nxf3 Qxd3+ 16. Qxd3 Nxd3 17. b3 f6 18. g4 Bc5 19. Rhd1 Bxe3 20. fxe3 Nc5
21. b4 Ne4 22. Rxd8+ Kxd8 23. a4 a5 24. bxa5 bxa5 25. Kd3 Nf2+ 26. Ke2 Nxh3 27.
Rb1 Kd7 28. Rb5 Ra8 29. e4 Nf4+ 30. Ke3 Ra7 31. Nh4 c6 32. Rb8 Kd6 33. Rb1 Kc5
34. Nf5 Ne6 35. Kd3 Rd7+ 36. Kc3 Ng5 0-1

[Event "C.to Italiano U12 femminile"]
[Site "Tarvisio ITA"]
[Date "2014.07.03"]
[Round "7"]
[White "Palma, Maria"]
[Black "Kasslatter, Nadia"]
[WhiteElo "1716"]
[BlackElo "1434"]
[Result "1-0"]
[PlyCount "37"]
[EventDate "2014.06.29"]

1. d4 d5 2. c4 e6 3. Nc3 Nf6 4. cxd5 Nxd5 5. e4 Nxc3 6. bxc3 Nc6 7. Bd3 g6 8.
Nf3 Bg7 9. Ba3 b6 10. Bb5 Bb7 11. Qa4 Qd7 12. Ba6 O-O-O 13. Rb1 Bxa6 14. Qxa6+
Kb8 15. Nd2 Qc8 16. Qb5 Qd7 17. Nb3 Ka8 18. Nc5 bxc5 19. Qb7# 1-0

[Event "C.to Italiano U12 femminile"]
[Site "Tarvisio ITA"]
[Date "2014.07.04"]
[Round "8"]
[White "Saba, Gloria"]
[Black "Palma, Maria"]
[WhiteElo "1479"]
[BlackElo "1716"]
[Result "0-1"]
[PlyCount "160"]
[EventDate "2014.06.29"]

1. e4 e5 2. Nf3 Nc6 3. Bc4 Bc5 4. c3 Nf6 5. d4 exd4 6. cxd4 Bb4+ 7. Nc3 Nxe4 8.
O-O Bxc3 9. d5 Bf6 10. Re1 Ne7 11. Rxe4 d6 12. g4 O-O 13. g5 Be5 14. Nxe5 dxe5
15. Rxe5 Ng6 16. Re1 Bf5 17. Qf3 Qd7 18. b3 Bh3 19. Bb2 Qg4+ 20. Qxg4 Bxg4 21.
Rac1 Rfd8 22. Rc2 Bf3 23. Rd2 Nf4 24. Re5 Re8 25. h4 Ng6 26. Rxe8+ Rxe8 27. Rd4
Be4 28. h5 Nh4 29. Be2 Nf5 30. Rc4 Re7 31. Ba3 Bxd5 32. Bxe7 Bxc4 33. Bxc4 Nxe7
34. Kg2 Kf8 35. Kf3 Nc6 36. Kf4 Ke7 37. a3 Na5 38. Ke5 Nxc4+ 39. bxc4 c6 40. a4
g6 41. h6 b6 42. f4 a6 43. f5 b5 44. f6+ Kd7 45. axb5 axb5 46. cxb5 cxb5 47.
Kd5 b4 48. Kc4 Ke6 49. Kxb4 Kf5 50. Kc5 Kxg5 51. Kd5 Kxf6 52. Ke4 g5 53. Kf3
Kg6 54. Kg4 f5+ 55. Kg3 Kxh6 56. Kf3 Kh5 57. Kg3 f4+ 58. Kf3 Kh4 59. Kg2 g4 60.
Kf2 Kh3 61. Ke2 g3 62. Kf3 g2 63. Kxf4 g1=Q 64. Ke4 Qf2 65. Kd3 Qe1 66. Kd4 Qe2
67. Kc3 Qd1 68. Kc4 Qd2 69. Kc5 Qd3 70. Kc6 Qd4 71. Kb5 Qc3 72. Kb6 Qc4 73. Kb7
Qc5 74. Ka6 Qb4 75. Ka7 Kg4 76. Ka6 Kf5 77. Ka7 Ke6 78. Ka8 Kd6 79. Ka7 Kc7 80.
Ka8 Qb7# 0-1

[Event "C.to Italiano U14"]
[Site "Tarvisio ITA"]
[Date "2014.06.29"]
[Round "1"]
[White "Baraldi, Matteo"]
[Black "Carnicelli, Valerio"]
[WhiteElo "1470"]
[BlackElo "2137"]
[Result "0-1"]
[PlyCount "64"]
[EventDate "2014.06.29"]

1. e4 e5 2. Nf3 Nc6 3. Bb5 f5 4. exf5 e4 5. Bxc6 dxc6 6. Qe2 Qe7 7. Nd4 Qe5 8.
c3 Bd6 9. Qc4 Bd7 10. Ne6 Bxe6 11. Qxe6+ Qxe6 12. fxe6 O-O-O 13. O-O Nf6 14. b4
Rde8 15. Na3 Rxe6 16. Nc4 h5 17. Bb2 Rh6 18. Rfe1 Nd5 19. Ne3 Nf4 20. g3 Nd3
21. Rab1 Nxe1 22. Rxe1 Rhf6 23. c4 Be5 24. Bxe5 Rxe5 25. Ng2 Rd6 26. Rd1 a5 27.
a3 Rd3 28. Ra1 Rxd2 29. bxa5 Rxa5 30. Ne3 Rd3 31. a4 b5 32. cxb5 cxb5 0-1

[Event "C.to Italiano U14"]
[Site "Tarvisio ITA"]
[Date "2014.06.29"]
[Round "1"]
[White "Carbone, Axel"]
[Black "D'Avino, Gianfranco"]
[WhiteElo "1452"]
[BlackElo "1949"]
[Result "0-1"]
[PlyCount "90"]
[EventDate "2014.06.29"]

1. d4 Nf6 2. c4 g6 3. Nf3 Bg7 4. Nc3 d5 5. e3 O-O 6. cxd5 Nxd5 7. Bc4 Nb6 8.
Bb3 c5 9. O-O Bg4 10. dxc5 Qxd1 11. Bxd1 Bxc3 12. bxc3 N6d7 13. Ba3 Rc8 14. Rb1
Nxc5 15. Bxc5 Rxc5 16. Rxb7 Nc6 17. h3 Bc8 18. Rc7 Ba6 19. Re1 Rxc3 20. Nd4 Rc8
21. Rxc8+ Bxc8 22. Nxc6 Rxc6 23. Bb3 Rc7 24. Rd1 Bd7 25. e4 a5 26. Rd4 e5 27.
Rc4 Ra7 28. Rc5 a4 29. Bc2 Be6 30. Bb1 Rb7 31. Bc2 a3 32. Rc3 Rb2 33. Rxa3 Rxc2
34. Ra8+ Kg7 35. a4 Rc1+ 36. Kh2 Re1 37. f3 f5 38. exf5 gxf5 39. a5 Rc1 40. g4
e4 41. gxf5 e3 42. fxe6 e2 43. Ra7+ Kf6 44. e7 e1=Q 45. h4 Qf2+ 0-1

[Event "C.to Italiano U14"]
[Site "Tarvisio ITA"]
[Date "2014.06.29"]
[Round "1"]
[White "Iannello, Andrea"]
[Black "Lavarone, Andrea"]
[WhiteElo "1927"]
[BlackElo "1446"]
[Result "1-0"]
[PlyCount "79"]
[EventDate "2014.06.29"]

1. e4 c6 2. d4 d5 3. Nc3 e6 4. Nf3 Bb4 5. e5 c5 6. a3 Bxc3+ 7. bxc3 c4 8. Be2
Ne7 9. h4 Nd7 10. h5 h6 11. Bf4 f6 12. Qc1 fxe5 13. Nxe5 Nxe5 14. Bxe5 O-O 15.
Rh3 Nc6 16. f4 Nxe5 17. fxe5 Bd7 18. Qe3 Qe7 19. Rg3 Kh8 20. Kd2 Rf5 21. Bg4
Rg5 22. Qe2 Rf8 23. Rf3 Rxf3 24. Qxf3 Kg8 25. Ke3 g6 26. hxg6 Rxg6 27. Qf4 Ba4
28. Kd2 Qf7 29. Qxf7+ Kxf7 30. Bh5 Kg7 31. Bxg6 Kxg6 32. Rf1 Kg5 33. Rf6 h5 34.
Rxe6 h4 35. Re7 b5 36. Rxa7 Kg4 37. Rxa4 bxa4 38. e6 Kg3 39. e7 Kxg2 40. e8=Q
1-0

[Event "C.to Italiano U14"]
[Site "Tarvisio ITA"]
[Date "2014.06.29"]
[Round "1"]
[White "Lodici, Lorenzo"]
[Black "Galdini, Thomas"]
[WhiteElo "2105"]
[BlackElo "1467"]
[Result "1-0"]
[PlyCount "45"]
[EventDate "2014.06.29"]

1. d4 e6 2. c4 d5 3. Nc3 Nf6 4. cxd5 exd5 5. Bg5 c6 6. Qc2 g6 7. e3 Bg7 8. Bd3
O-O 9. Nge2 Re8 10. O-O Qc7 11. Bxf6 Bxf6 12. Nxd5 Qd8 13. Nxf6+ Qxf6 14. e4
Be6 15. Rad1 Rd8 16. f4 Bg4 17. e5 Qe6 18. f5 Qe8 19. h3 Bxe2 20. Bxe2 Nd7 21.
Bc4 Nb6 22. fxg6 Nxc4 23. gxf7+ 1-0

[Event "C.to Italiano U14"]
[Site "Tarvisio ITA"]
[Date "2014.06.29"]
[Round "1"]
[White "Moroni, Luca jr"]
[Black "Amonov, Shahruz"]
[WhiteElo "2338"]
[BlackElo "1470"]
[Result "1-0"]
[PlyCount "33"]
[EventDate "2014.06.29"]

1. Nf3 c5 2. c4 Nc6 3. d4 cxd4 4. Nxd4 g6 5. e4 Bg7 6. Be3 Nf6 7. Nc3 d6 8. Be2
O-O 9. O-O a6 10. Rc1 Re8 11. Qd2 Bd7 12. f3 Rc8 13. Rfd1 b6 14. b3 Qc7 15. Nd5
Qb8 16. Nxc6 Rxc6 17. Nb4 1-0

[Event "C.to Italiano U14"]
[Site "Tarvisio ITA"]
[Date "2014.06.30"]
[Round "2"]
[White "Barbagallo, Andrea"]
[Black "Iannello, Andrea"]
[WhiteElo "1597"]
[BlackElo "1927"]
[Result "1/2-1/2"]
[PlyCount "60"]
[EventDate "2014.06.29"]

1. e4 c5 2. Nf3 d6 3. d4 cxd4 4. Nxd4 Nf6 5. Nc3 a6 6. a4 e5 7. Nf3 Be6 8. Be2
h6 9. O-O Nbd7 10. Be3 b6 11. Nd2 Qc7 12. f4 exf4 13. Bxf4 Ne5 14. Nf3 Be7 15.
Nd5 Nxd5 16. exd5 Qc5+ 17. Kh1 Bxd5 18. b4 Qc6 19. b5 Qc5 20. bxa6 Nxf3 21.
Bxf3 Bxf3 22. Qxf3 O-O 23. Qg3 Kh8 24. Qd3 Qa5 25. Rfe1 Bf6 26. Rab1 d5 27. Qf5
Bc3 28. Rf1 Qxa4 29. Rf3 Ba5 30. Bxh6 Qe4 1/2-1/2

[Event "C.to Italiano U14"]
[Site "Tarvisio ITA"]
[Date "2014.06.30"]
[Round "2"]
[White "Bernardini, Tommaso"]
[Black "Ciriolo, Lorenzo"]
[WhiteElo "1917"]
[BlackElo "1600"]
[Result "1-0"]
[PlyCount "61"]
[EventDate "2014.06.29"]

1. d4 Nf6 2. Nc3 d5 3. Bg5 e6 4. e4 dxe4 5. Nxe4 Be7 6. Bxf6 Bxf6 7. Nf3 O-O 8.
c3 b6 9. Bd3 Ba6 10. Bxa6 Nxa6 11. Qe2 Nb8 12. O-O-O Nd7 13. h4 Re8 14. g4 Be7
15. Ne5 Nf6 16. Nc6 Qd7 17. Nxf6+ Bxf6 18. g5 Be7 19. Ne5 Qd5 20. Kb1 Red8 21.
c4 Qd6 22. Qf3 Rf8 23. Nxf7 Qd7 24. g6 hxg6 25. h5 g5 26. h6 g6 27. h7+ Kg7 28.
h8=Q+ Rxh8 29. Rxh8 Rxh8 30. Nxh8 Kxh8 31. Qf7 1-0

[Event "C.to Italiano U14"]
[Site "Tarvisio ITA"]
[Date "2014.06.30"]
[Round "2"]
[White "Carla', Christian"]
[Black "Lodici, Lorenzo"]
[WhiteElo "1606"]
[BlackElo "2105"]
[Result "0-1"]
[PlyCount "58"]
[EventDate "2014.06.29"]

1. e4 c5 2. Nf3 Nc6 3. d4 cxd4 4. Nxd4 e5 5. Nb5 d6 6. N1c3 a6 7. Na3 b5 8. Nd5
Nge7 9. g3 h5 10. Be3 Nxd5 11. Qxd5 Qc7 12. c3 Be6 13. Qd2 d5 14. exd5 Rd8 15.
d6 Bxd6 16. Qc2 Bd5 17. Rg1 O-O 18. Bd3 Rfe8 19. Be2 Bxa3 20. bxa3 Nd4 21. Qc1
Nxe2 22. Kxe2 Qc4+ 23. Ke1 Bf3 24. Qc2 f5 25. Qb3 Rd3 26. Qxc4+ bxc4 27. Bg5
Re6 28. Rb1 Red6 29. Rb8+ Kh7 0-1